| 000 | 00483nam a2200169Ia 4500 | ||
|---|---|---|---|
| 001 | 6523 | ||
| 008 | 260427s9999 xx 000 0 und d | ||
| 020 | _a9781946764065 | ||
| 245 | 0 |
_aHappy Veggies/ _cMayumi Oda |
|
| 260 |
_aCalifornia; _bPlum Blossom Books, Parallax Press; _c2018 |
||
| 300 |
_a75p; _c22x16cm |
||
| 546 | _aEnglish | ||
| 650 |
_aIndigenous societies _99260 |
||
| 650 |
_aPZ(1)-90 Fiction and juvenile belles lettres _99349 |
||
| 651 |
_aHawaii _92928 |
||
| 942 | _cBK | ||
| 999 |
_c6523 _d6523 |
||